Zdroje konkurencieschopnosti vybraných podnikov troch výrobných odborov potravinárskeho priemyslu na Slovensku
Informácia o súčasnej situácii vo vybraných podnikoch troch výrobných odborov potravinárskeho priemyslu spracujúcich výstupy živočíšnej výroby - mliekarenského, mäsového a hydinárskeho priemyslu z hľadiska ich zdrojov konkurencieschopnosti. Prezentované údaje boli získané prostredníctvom dotazníkové...
Gespeichert in:
| 1. Verfasser: | |
|---|---|
| Weitere Verfasser: | |
| Format: | Buchkapitel |
| Sprache: | Slowakisch |
| Schlagworte: | |
| Tags: |
Keine Tags, Fügen Sie das erste Tag hinzu!
|
MARC
| LEADER | 00000naa$a2200000$$$4500 | ||
|---|---|---|---|
| 001 | 0018148 | ||
| 005 | 20240502071404.7 | ||
| 041 | 0 | |a slo | |
| 044 | |a SK | ||
| 245 | 1 | 0 | |a Zdroje konkurencieschopnosti vybraných podnikov troch výrobných odborov potravinárskeho priemyslu na Slovensku |c aut. Alena Daňková, Zuzana Bosáková |
| 520 | |a Informácia o súčasnej situácii vo vybraných podnikoch troch výrobných odborov potravinárskeho priemyslu spracujúcich výstupy živočíšnej výroby - mliekarenského, mäsového a hydinárskeho priemyslu z hľadiska ich zdrojov konkurencieschopnosti. Prezentované údaje boli získané prostredníctvom dotazníkového výskumu. | ||
| 610 | 2 | 0 | |a konkurencieschopnosť |
| 610 | 2 | 0 | |a potravinárstvo |
| 610 | 2 | 0 | |a priemysel mliekarský |
| 610 | 2 | 0 | |a mäsopriemysel |
| 610 | 2 | 0 | |a priemysel hydinársky |
| 610 | 2 | 0 | |a výskum |
| 610 | 2 | 0 | |a podnik |
| 610 | 2 | 0 | |a Slovensko |
| 100 | 1 | |a Daňková, Alena | |
| 700 | 1 | |a Bosáková, Zuzana | |